1505 1248 1385 1984 1924 1006 1970 1997 1715 1732 1148 1994 1195 1779 1594 1640 1990 1574 1111 1648 1288 1431 1865 1130 1135 1102 1290 1372 1964 1785 1552 1657 1312 1916 1787 1460 1217 1334 1319 1662 1326 1738 1861 1101 1261 1381 1311 1353 1268 1047 1833 1131 1398 1132 1929 1171 1559 1871 1019 1243 1859 1092 1662 1793 1716 1985 1348 1598 1581 1463 1525 1765 1544 1503 1608 1843 1370 1636 1382 1962 1270 1646 1062 1364 1975 1151 1461 1583 1551 1568 1833 1626 1346 1235 1691 1826 1142 1580 1716 BCNSPRNW ULIB Ver.6.0+V

เปลี่ยนเป็นภาษาไทย

Change to English
 แสดงรายละเอียดบรรณานุกรม
  กลับหน้าหลัก

Brief Record : Get Marc (ISO 2709) : E-mail record : QR code < ปิดหน้าต่าง
LEADER : 00000nam 2200000uu 4500
001    13399114684
003     ULIB
008    110627s2550||||th 000 0 tha d
020    978
090    นว.^bส731น
100 0  สิรินดา
245 00 นิยามรักหัวใจร็อค/^cสิรินดา
250    พิมพ์ครั้งที่ 1
260    กรุงเทพฯ :^bแจ่มใส,^c2550
300    335 หน้า
710 1  แจ่มใส
945    ^p209^l0^i022042
995    ทศพร
999 ^a ใช้งานได้ทุกระบบ
รายการนี้ยังไม่มีแท็ก
คุณยังไม่ได้ล็อกอิน คุณสามารถมีกิจกรรมร่วมกับเว็บไซต์ได้ แต่ต้องล็อกอินก่อน ::
  ล็อกอิน

รายการสื่อสารสนเทศ

ลำดับที่ ประเภท เลขเรียก/บาร์โค้ด สถานที่ สถานะ
1. นวนิยาย
นวนิยาย
นว. ส731น  
  Barcode: 022042
ห้องสมุดวิทยาเขตสวรรค์ประชารักษ์
►นวนิยาย
บนชั้น
  ขอยืม

รายการใกล้เคียง
    ผู้แต่ง [สิรินดา]

BibComment


ยังไม่เคยถูกคอมเมนท์

คอมเมนท์ทรัพยากรรายการนี้
  คอมเมนท์: นิยามรักหัวใจร็อค..


 Copyright 2026. Bcnsprnw @Library